An introduction to discourse analysis / (Record no. 177005)

000 -LEADER
fixed length control field 00977 a2200217 4500
003 - CONTROL NUMBER IDENTIFIER
control field NUST
005 - DATE AND TIME OF LATEST TRANSACTION
control field 20230118131034.0
010 ## - LIBRARY OF CONGRESS CONTROL NUMBER
LC control number 85004262
020 ## - INTERNATIONAL STANDARD BOOK NUMBER
International Standard Book Number 8131711269 pbk
020 ## - INTERNATIONAL STANDARD BOOK NUMBER
International Standard Book Number 8131711269 pbk
040 ## - CATALOGING SOURCE
Transcribing agency Nust
082 00 - DEWEY DECIMAL CLASSIFICATION NUMBER
Classification number 410,COU
100 1# - MAIN ENTRY--PERSONAL NAME
Personal name Coulthard, Malcolm.
9 (RLIN) 1447
245 13 - TITLE STATEMENT
Title An introduction to discourse analysis /
Statement of responsibility, etc. Malcolm Coulthard.
260 ## - PUBLICATION, DISTRIBUTION, ETC.
Place of publication, distribution, etc. Burnt Mill, Harlow, Essex, England :
Name of publisher, distributor, etc. Longman,
Date of publication, distribution, etc. 1985 printing, c1977.
300 ## - PHYSICAL DESCRIPTION
Extent xv, 195 p. :
Other physical details ill. ;
Dimensions 22 cm.
440 #0 - SERIES STATEMENT/ADDED ENTRY--TITLE
Title Applied linguistics and language study
9 (RLIN) 1448
505 ## - FORMATTED CONTENTS NOTE
Formatted contents note Introduction (Page-1), Speech Acts and Conversational Maxims (Page-13), The Ethnography of Speaking (Page-33), Conversational Analysis (Page-59), Intonation (Page-96), A Linguistic Approach (Page-120), Discourse Analysis and Language Teaching (Page-146), The Acquisition of Discourse (Page-160), The Analysis of Literary Discourse (Page-179).
650 #0 - SUBJECT ADDED ENTRY--TOPICAL TERM
Topical term or geographic name entry element Discourse analysis.
942 ## - ADDED ENTRY ELEMENTS (KOHA)
Source of classification or shelving scheme
Koha item type Book
Call number prefix 410,COU
Holdings
Withdrawn status Lost status Source of classification or shelving scheme Damaged status Not for loan Collection code Permanent Location Current Location Date acquired Total Checkouts Full call number Barcode Date last seen Price effective from Koha item type
            Military College of Signals (MCS) Military College of Signals (MCS) 12/12/2016   410 COU MCS33614 12/08/2016 12/12/2016 Book
© 2023 Central Library, National University of Sciences and Technology. All Rights Reserved.